000 00447nam a2200157 i 4500
001 65742
003 ES-MaACL
005 20230906165448.0
007 t|
008 040121s1962 sp ||||1| spa d
100 1 _aFuente, Agustín de la.
_952826
245 1 0 _aProntuario del Concilio Ecuménico /
_cAgustín de la Fuente.
260 _a[Madrid :
_bs.n.,
_c1962] (
_fMaribel)
300 _a93 p. ;
_c16 cm.
852 _aES-MaACL
_jC-21745
_bR.50002
999 _c65742
_d65742